| 000 | 01066nas a2200361 4500 | ||
|---|---|---|---|
| 001 | BR0601827 | ||
| 003 | BR-BrBNA | ||
| 005 | 20231205105954.0 | ||
| 007 | ta | ||
| 008 | 230509b bl.|||p| |||| 00| 00por d | ||
| 040 |
_aBR-BrBNA _bpor _cBiblioteca Nacional de Agricultura |
||
| 041 | _a(Pt) | ||
| 072 | _aF04; F03 | ||
| 100 | 1 | _aLopes, H.M. | |
| 100 | 1 | _aGalvão, J.C.C. | |
| 100 | 1 | _aDavid, A.M.S. de S. | |
| 100 | 1 | _aAlmeida, A.A. de | |
| 100 | 1 | _aAraújo, E.F. | |
| 100 | 1 | _aMoreira, L.B. | |
| 100 | 1 | _aMiranda, G.V. | |
| 245 | 1 | _aQualidade física e fisiológica de sementes de milho em função da adubação mineral e orgânica | |
| 650 | _aMILHO | ||
| 650 | _aSEMENTE | ||
| 650 | _aQUALIDADE | ||
| 650 | _aVARIEDADE | ||
| 650 | _aCOMPOSTO ORGÂNICO | ||
| 650 | _aGERMINAÇÃO | ||
| 650 | _aADUBAÇÃIO | ||
| 650 | _aNUTRIÇÃO VEGETAL | ||
| 773 | 0 |
_tRevista Brasileira de Milho e Sorgo (Brazil) _xISSN 1676-689X _g(May-Aug 2004), v. 3(2) p. 265-275 _wBR0601827 |
|
| 909 |
_a202311 _bLúcia _c55 _dLúcia Elande |
||
| 942 |
_2AGRIS _n0 _cANA |
||
| 999 |
_c185619 _d185619 |
||